000 00534nam a2200193Ia 4500
005 20250423100154.0
008 250422s9999 xx 000 0 und d
020 _a9780323066549
050 _aRT 41 .L49/
100 _aSharon L. Lewis...et al.
245 0 _aMedical-surgical nursing : assessment and management of clinical problem
250 _a8th ed.
260 _aMissouri
260 _bElsevier
260 _c2011
300 _a513 p
650 _aNursing Care. Nursing Assessment. Perioperative Nursing.
942 _cBK
999 _c32498
_d32498